000 00446nam a22001817a 4500
003 MPLRDC
005 20220104124415.0
008 210129b ||||| |||| 00| 0 eng d
082 _a859.6 JGET v.9
100 _a杨小云著
245 _a豆豆的世界
_c
250 _a三版
260 _a
_b九歌出版社有限公司
_c1986
300 _b
490 _a九歌儿童书房;9
650 _a儿童故事
942 _cBK
_o859.6 JGET v.9
999 _c19077
_d19067